Marvel Cinematic Universe: Characters to Actors - Statistics

General Stats
  • This quiz has been taken 148 times
  • The average score is 38 of 63
Answer Stats
Character Actor % Correct
Tony Stark/Iron Man Robert Downey Jr.
100%
Thor Chris Hemsworth
94%
Natasha Romanoff/Black Widow Scarlett Johansson
94%
Peter Quill/Star Lord Chris Pratt
92%
Peter Parker/Spiderman Tom Holland
92%
Steve Rogers/Captain America Chris Evans
91%
Loki Tom Hiddleston
91%
Bruce Banner/Hulk Mark Ruffalo
90%
Nick Fury Samuel L. Jackson
90%
Stephen Strange/Doctor Strange Benedict Cumberbatch
88%
Wanda Maximoff/Scarlet Witch Elizabeth Olsen
88%
Groot Vin Diesel
86%
Clint Barton/Hawkeye Jeremy Renner
85%
T'Challa/Black Panther Chadwick Boseman
84%
Scott Lang/Ant Man Paul Rudd
84%
Bucky Barnes Sebastian Stan
83%
Michelle "MJ" Jones Zendaya
83%
Rocket Bradley Cooper
81%
Jane Foster Natalie Portman
81%
Pepper Potts Gwyneth Paltrow
80%
Sam Wilson/Falcon Anthony Mackie
77%
Carol Danvers/Captain Marvel Brie Larson
76%
Gamora Zoe Saldana
76%
James Rhodes Don Cheadle
75%
Drax Dave Bautista
74%
Thanos Josh Brolin
74%
Heimdall Idris Elba
73%
Vision Paul Bettany
69%
Wong Benedict Wong
68%
Erik Stevens/Killmonger Michael Jordan
68%
Happy Hogan Jon Favreau
64%
Nebula Karen Gillan
64%
Pietro Maximoff/Quicksilver Aaron Taylor-Johnson
63%
Quentin Beck/Mysterio Jake Gyllenhaal
63%
Valkyrie Tessa Thompson
61%
Odin Anthony Hopkins
57%
Peggy Carter Hayley Atwell
57%
Maria Hill Cobie Smulders
55%
Hope van Dyne/The Wasp Evangeline Lilly
55%
Hela Cate Blanchett
54%
Hank Pym/Ant Man Michael Douglas
54%
Ultron James Spader
51%
Adrian Toomes/The Vulture Michael Keaton
50%
Ancient One Tilda Swinton
49%
May Parker Marisa Tomei
47%
Ego Kurt Russell
46%
Obadiah Stane Jeff Bridges
43%
Mantis Pom Klementieff
37%
Johann Schmidt/Red Skull Hugo Weaving
35%
Yondu Udonta Michael Rooker
33%
Ivan Vanko Mickey Rourke
32%
Ned Jacob Batalon
30%
M'Baku Winston Duke
30%
Brock Rumlow Frank Grillo
27%
Ronan The Accuser Lee Pace
27%
Okoye Danai Gurira
24%
Flash Thompson Tony Revolori
13%
Mainframe Miley Cyrus
12%
Liz Laura Harrier
11%
Talos Ben Mendelsohn
9%
Morgan Stark Alexandra "Lexi" Rabe
7%
Ebony Maw Tom Vaughan-Lawlor
7%
Janet van Dyne/The Wasp Hayley Lovitt
3%
No matching quizzes found
Score Distribution
Percent of People with Each Score
Percentile by Number Answered
Your Score History
You have not taken this quiz